000 00338 a2200157 4500
001 59420
020 _a9783192010224
040 _cAnchieta - Pituba
100 _aSilvin, Thomas
240 1 0 _aTina, Hamburg
_lpor
245 1 0 _aTina, Hamburg
300 _a40
362 0 _a2007
650 4 _aLiteratura juvenil em alemão
942 _cBK
999 _c59420
_d59420